| 000 | 00714cab a2200229 4500 | ||
|---|---|---|---|
| 001 | WB3305-19 | ||
| 008 | 090401t1997 xxu||||| |||| 00| 0 eng d | ||
| 035 | _a(Sirsi) u39201 | ||
| 041 | _aeng | ||
| 245 | _aPFI too big | ||
| 260 | _c1997 | ||
| 350 | _a0 | ||
| 490 |
_aProperty Week _v58(3) 24 January 1997, 7(1) |
||
| 520 | _aA survey by the British Property Federation shows that 46% of UK property firms have never been involved in the Private Finance Initiative because the projects are too large. | ||
| 650 | _aBPF | ||
| 650 | _aPFI | ||
| 650 | _aPRIVATE FINANCE INITTATIVE | ||
| 650 | _aPROPERTY FIRMS | ||
| 690 | _aPROPERTY-PROPERTY FINANCE AND INVESTMENT | ||
| 942 | _n0 | ||
| 948 | _c04/03/1997 | ||
| 999 |
_c25154 _d25154 |
||